| 000 | 00698nam a22002057a 4500 | ||
|---|---|---|---|
| 999 |
_c17319 _d17319 |
||
| 003 | AR-CdUCM | ||
| 008 | 190411b ||||| |||| 00| 0 spa d | ||
| 040 |
_aMUNICIPALIDAD PROVINCIAL DEL CUSCO _cBIBLIOTECA MUNICIPAL DEL CUSCO |
||
| 082 |
_a343.5 / _bJ92 |
||
| 110 |
_aJurado nacional de elecciones _931366 |
||
| 245 | _aLegislación electoral del Perú / | ||
| 260 |
_aLima : _c1939. _bImpr. Torres Aguirre, |
||
| 300 |
_a140 páginas ; _c17 cm. |
||
| 505 | _aContenido: Estatuto electoral -- Reglamento del capitulo II del estatuto electoral. | ||
| 650 |
_aJNE _931367 |
||
| 650 |
_aElecciones _91677 |
||
| 650 |
_aPerú elecciones _931368 |
||
| 942 |
_2ddc _cLIBROS |
||
| 945 |
_aacv _d2019-05-08 |
||